000 01335nam a2200325 c 4500
003 BLK
005 20180422112555.0
008 180410b bul|||||r ||||||| ||bul||
010 _aKNG00151015000
020 _a978-954-92874-1-7
_bиздат.: Фонд. Земята и хората
040 _aBLK
041 _aBUL
_cBUL
072 7 _2bullib
_aН8400
_xБългарска поезия Н
080 _aБългарска литература
_b821.163.2
_x-1
_z821.163.2-1
100 1 _aНиколов, Иван
_eпърви автор
_gИванов, Иван Николов
_9364850
700 1 _aШопов, Драгомир Георгиев
_eсъстав., ред. и послесл.
_9373838
139 _aНиколов, Иван
_bН 74
245 1 0 _aВъздухът е пълен с думи
_cИван Николов; състав., ред. и послесл. Драгомир Георгиев Шопов.
257 _aBGR
260 София
_bФонд. Земята и хората
_c2012
_fСофия : Мултипринт
300 _a112 с.
_c22 см
380 _aX
490 1 _aБългарски поети за земята
659 _aН
852 _aЦб 264936
856 4 _qpdf
_u
856 4 _qpdf
_u
942 _cKNG
_n0
944 _aCR
_c30.09.2013
_kНаталия_Медовщикова
944 _aED
_c17.03.2014
_k
999 _c144854
_d144854